Extreme Solar systems (Record no. 17158)
[ view plain ]
| 000 -LEADER | |
|---|---|
| fixed length control field | 00948nam a2200241Ia 4500 |
| 003 - CONTROL NUMBER IDENTIFIER | |
| control field | IN-BaIIA |
| 008 - FIXED-LENGTH DATA ELEMENTS--GENERAL INFORMATION | |
| fixed length control field | 211028s9999 xx 000 0 eng d |
| 020 ## - INTERNATIONAL STANDARD BOOK NUMBER | |
| International Standard Book Number | 978-1-58381-666-0 |
| 040 ## - CATALOGING SOURCE | |
| Transcribing agency | IIA Library |
| 080 ## - UNIVERSAL DECIMAL CLASSIFICATION NUMBER | |
| Universal Decimal Classification number | 082.2:52 |
| Item number | ASP-398 |
| 111 ## - MAIN ENTRY--MEETING NAME | |
| Meeting name or jurisdiction name as entry element | Conference on Extreme Solar Systems |
| Location of meeting | Santorini Islands |
| Date of meeting or treaty signing | 2007 June 25-29 |
| 9 (RLIN) | 32335 |
| 245 #0 - TITLE STATEMENT | |
| Title | Extreme Solar systems |
| Remainder of title | proceedings of a Conference on extreme Solar systems, held in Santorini Islands, Greece, 25-29 Jun 2007 |
| Statement of responsibility, etc. | edited by D. Fischer...[et.al] |
| 260 ## - PUBLICATION, DISTRIBUTION, ETC. | |
| Place of publication, distribution, etc. | San Francisco |
| Name of publisher, distributor, etc. | Astronomical Society of the Pacific |
| Date of publication, distribution, etc. | 2008 |
| 300 ## - PHYSICAL DESCRIPTION | |
| Extent | [various pagings.] |
| 650 ## - SUBJECT ADDED ENTRY--TOPICAL TERM | |
| Topical term or geographic name entry element | Neutron Stars |
| 9 (RLIN) | 7729 |
| 650 ## - SUBJECT ADDED ENTRY--TOPICAL TERM | |
| Topical term or geographic name entry element | Planets in binaries |
| 9 (RLIN) | 32336 |
| 650 ## - SUBJECT ADDED ENTRY--TOPICAL TERM | |
| Topical term or geographic name entry element | Solar systems |
| 9 (RLIN) | 2582 |
| 650 ## - SUBJECT ADDED ENTRY--TOPICAL TERM | |
| Topical term or geographic name entry element | Star clusters |
| 9 (RLIN) | 6686 |
| 700 ## - ADDED ENTRY--PERSONAL NAME | |
| Personal name | Fischer, D., ed. |
| 9 (RLIN) | 32337 |
| 700 ## - ADDED ENTRY--PERSONAL NAME | |
| Personal name | Rasio, F. A., ed. |
| 9 (RLIN) | 30448 |
| 700 ## - ADDED ENTRY--PERSONAL NAME | |
| Personal name | Thorsett, S. E., ed. |
| 9 (RLIN) | 18732 |
| 942 ## - ADDED ENTRY ELEMENTS (KOHA) | |
| Koha item type | Books |
| Withdrawn status | Lost status | Damaged status | Not for loan | Home library | Current library | Shelving location | Date acquired | Source of acquisition | Total Checkouts | Full call number | Barcode | Date last seen | Price effective from | Koha item type |
|---|---|---|---|---|---|---|---|---|---|---|---|---|---|---|
| IIA Library-Bangalore | IIA Library-Bangalore | General Stacks | 03/01/2009 | INT | 082.2:52/ ASP-398 | 18080 | 05/11/2021 | 03/01/2009 | Books |